000 00751cam a2200193 4500
001 ABS60832
008 000000n1999 000 0 eng u
035 _a(Sirsi) u101336
100 _aMartin, J.
245 _aEnvionmental impact.
260 _c1999
490 _aEstates Gazette
_v(9924) 19 June 1999, 153(1)
520 _aConsiders the implications of the case "R v Rochdale Metropolitan Borough Council, ex parte Milne", where outline planning permission for a development was quashed by the High Court because the application did not contain sufficient environmental assessment information.
650 _aENVIRONMENTAL ASSESSMENT
650 _aDEVELOPMENT
690 _aPLANNING LAW AND PRACTICE
700 _aEdwards, M.
942 _n0
999 _c60483
_d60483